[Event "16. Jacques Lemans Open"]
[Site "St. Veit"]
[Date "????.??.??"]
[Round "?"]
[White "Kollmann, Christoph"]
[Black "Kavcic, Uros"]
[Result "1/2-1/2"]
[WhiteElo "1903"]
[BlackElo "2100"]
[PlyCount "45"]
[EventDate "1996.07.??"]

1. g3 f5 2. Bg2 Nf6 3. Nf3 g6 4. O-O Bg7 5. c4 O-O 6. Nc3 d6 7. d3 c6 8. Rb1 e5
9. b4 Nh5 10. Bd2 e4 11. dxe4 fxe4 12. Nxe4 Qe7 13. Nc3 Be6 14. Bg5 Qd7 15. Qd3
Qf7 16. Nd2 Nd7 17. f4 a5 18. Nce4 Bf5 19. Qxd6 {} 19... Rfe8 20. bxa5 Bf8 21.
Qc7 Nc5 22. Qxf7+ Kxf7 23. g4 1/2-1/2

[Event "16. Jacques Lemans Open"]
[Site "St. Veit"]
[Date "????.??.??"]
[Round "?"]
[White "Herzog, Adolf"]
[Black "Wernig, Klaus"]
[Result "1-0"]
[WhiteElo "2405"]
[BlackElo "1954"]
[PlyCount "43"]
[EventDate "1996.07.??"]

1. d4 Nf6 2. c4 g6 3. Nc3 d5 4. Nf3 Bg7 5. Qb3 e6 6. Bg5 c6 7. e3 Nbd7 8. Be2
O-O 9. O-O b6 10. Rac1 Bb7 11. Rfd1 h6 12. Bh4 Qe7 13. Ne5 g5 14. Bg3 Nxe5 15.
Bxe5 Nd7 16. Bxg7 Kxg7 17. e4 dxe4 18. Nxe4 Nf6 19. Ng3 c5 20. d5 Rad8 21. Qc3
{} 21... Kg8 22. d6 1-0

[Event "16. Jacques Lemans Open"]
[Site "St. Veit"]
[Date "????.??.??"]
[Round "?"]
[White "Kaspret, Guido"]
[Black "Widowitz, Josef"]
[Result "1/2-1/2"]
[WhiteElo "2320"]
[BlackElo "1951"]
[PlyCount "125"]
[EventDate "1996.07.??"]

1. d4 Nf6 2. Nf3 g6 3. g3 Bg7 4. Bg2 O-O 5. O-O d6 6. c4 Nbd7 7. Nc3 e5 8. e4
exd4 9. Nxd4 Ne5 10. b3 Nh5 11. Bb2 Bd7 12. Rb1 Nc6 13. Nce2 Qe7 14. Nxc6 Bxc6
15. Nd4 Bd7 16. Re1 Rae8 17. Qd2 Qd8 18. Ba3 Qc8 19. c5 b6 20. cxd6 Qa6 21. Nc2
c5 22. Bb2 Qxa2 23. Bxg7 Nxg7 24. Qc3 Qa6 25. Ra1 Qb7 26. e5 Qb8 27. Ne3 Be6
28. Bd5 Rd8 29. b4 cxb4 30. Qxb4 Bxd5 31. Nxd5 Qb7 32. Nf6+ Kh8 33. Qh4 h5 34.
g4 Ne6 35. gxh5 Kg7 36. Qe4 Qxe4 37. Rxe4 a5 38. Rb1 Ra8 39. Nd7 Rh8 40. Nxb6
Rhb8 41. Ree1 {} 41... Ra6 42. Nd5 Rxb1 43. Rxb1 a4 44. Rc1 Ra5 45. Nc7 Rxe5
46. hxg6 fxg6 47. f4 Re4 48. Kg2 Kf7 49. Rd1 Rd4 50. Rxd4 Nxd4 51. Nd5 Ke6 52.
d7 Nc6 53. Nc3 a3 54. Kf3 Kxd7 55. Kg4 Ke6 56. Kg5 Kf7 57. f5 gxf5 58. Kxf5
Nd4+ 59. Ke4 Ne2 60. Na2 Ng1 61. Kd3 Nf3 62. Kc3 Nxh2 63. Kb3 1/2-1/2

[Event "16. Jacques Lemans Open"]
[Site "St. Veit"]
[Date "????.??.??"]
[Round "?"]
[White "Newrkla, Alexander"]
[Black "Muellneritsch, Anton"]
[Result "0-1"]
[WhiteElo "1946"]
[BlackElo "2285"]
[PlyCount "62"]
[EventDate "1996.07.??"]

1. Nf3 g5 {} 2. Nxg5 e5 3. d4 Be7 4. Nxf7 Kxf7 5. dxe5 d5 6. e4 Be6 7. Qh5+
Kg7 8. f4 Bf7 9. Qg4+ Kf8 10. f5 h5 11. Qf3 dxe4 12. Qxe4 Bd5 13. Qf4 Bh4+ 14.
g3 Bg5 15. Qxg5 Qxg5 16. Bxg5 Bxh1 17. Nc3 Nc6 18. e6 Bf3 19. f6 Nd4 20. e7+
Ke8 21. Bd3 Nh6 22. Bg6+ Nf7 {} 23. Be3 Ne6 24. h3 Bc6 25. Bf5 Nfg5 26. h4
Nf3+ 27. Kf2 Kf7 28. Ne4 Nfd4 29. Ng5+ Kxf6 30. Nxe6 Nxf5 31. Nxc7 Nxe3 0-1

[Event "16. Jacques Lemans Open"]
[Site "St. Veit"]
[Date "????.??.??"]
[Round "?"]
[White "Susnik, Matej"]
[Black "Krauland, Michael"]
[Result "1-0"]
[WhiteElo "2235"]
[BlackElo "1925"]
[PlyCount "91"]
[EventDate "1996.07.??"]

1. e4 c5 2. Nf3 Nc6 3. d4 cxd4 4. Nxd4 Nf6 5. Nc3 e5 6. Ndb5 d6 7. Bg5 a6 8.
Na3 b5 9. Nd5 Be7 10. Bxf6 Bxf6 11. c3 O-O 12. Nc2 Bg5 13. a4 bxa4 14. Rxa4 a5
15. Bc4 Rb8 16. b3 Bd7 17. O-O Kh8 18. Ra2 f5 19. exf5 Bxf5 20. Nce3 Be6 21.
Qd3 Bxe3 22. Qxe3 Bxd5 23. Bxd5 Ne7 24. Bc4 Nf5 25. Qd3 Rf6 26. Rfa1 Qe8 27.
Rxa5 e4 28. Qh3 Ne7 29. Ra7 d5 30. Qd7 dxc4 31. Qxe7 Qxe7 32. Rxe7 cxb3 {} 33.
Rb7 Rff8 34. Rxb8 Rxb8 35. Rb1 Kg8 36. Kf1 Kf7 37. Ke2 Ke6 38. Kd2 Kd5 39. Ra1
Rb5 40. Re1 Ke5 41. c4 Rb7 42. Kc3 Rd7 43. Kxb3 Rd3+ 44. Kb4 Kd4 45. Re2 Rd1
46. Rb2 1-0

[Event "16. Jacques Lemans Open"]
[Site "St. Veit"]
[Date "????.??.??"]
[Round "?"]
[White "Mazi, Leon"]
[Black "Piven, Igor"]
[Result "1-0"]
[WhiteElo "2355"]
[BlackElo "2345"]
[PlyCount "57"]
[EventDate "1996.07.??"]

1. e4 c5 2. Nf3 g6 3. d4 cxd4 4. Nxd4 Nc6 5. Nc3 Bg7 6. Nde2 Nf6 7. g3 b5 8.
Bg2 Rb8 9. O-O O-O 10. h3 d6 11. Be3 b4 12. Nd5 Nd7 13. Qc1 Ba6 14. Re1 e6 15.
Ndf4 Qc7 16. c4 bxc3 17. Nxc3 Nce5 18. Rb1 Rfc8 19. Rd1 Nc5 20. Qc2 Nc4 21. Bd4
Bf8 {} 22. Nfd5 exd5 23. Nxd5 Qd8 24. Nf6+ Kh8 25. Nd7+ Bg7 26. Nxb8 Bxd4 27.
Nxa6 Qf6 28. Rxd4 Qxd4 29. Rd1 1-0

[Event "16. Jacques Lemans Open"]
[Site "St. Veit"]
[Date "????.??.??"]
[Round "?"]
[White "Lau, Ralf"]
[Black "Praznik , Anton"]
[Result "1-0"]
[WhiteElo "2500"]
[BlackElo "2230"]
[PlyCount "65"]
[EventDate "1996.07.??"]

1. e4 d6 2. d4 Nf6 3. Nc3 g6 4. Be3 c6 5. Qd2 b5 6. Bd3 Nbd7 7. Nf3 a6 8. O-O
Bg7 9. Bh6 O-O 10. Bxg7 Kxg7 11. e5 Nd5 12. Nxd5 cxd5 13. exd6 exd6 14. a4 Rb8
15. axb5 axb5 16. Qb4 Nf6 17. Ra5 Bg4 18. Nd2 Bd7 19. Rfa1 Bc6 20. Ra6 Qd7 21.
Ra7 Qe6 22. Nb3 Rfd8 23. Re1 Qg4 {} 24. h3 Qh4 25. Ree7 Be8 26. Nd2 Nh5 27.
Nf3 Qf4 28. Qe1 Qf6 29. Qe3 h6 30. g3 g5 31. Re6 Qxe6 32. Qxe6 Ra8 33. Qg6+ 1-0

[Event "16. Jacques Lemans Open"]
[Site "St. Veit"]
[Date "????.??.??"]
[Round "?"]
[White "Posch, Werner"]
[Black "Horvath, Gabor"]
[Result "1-0"]
[WhiteElo "2210"]
[BlackElo "2280"]
[PlyCount "67"]
[EventDate "1996.07.??"]

1. e4 d6 2. Nc3 Nf6 3. g3 h5 4. h3 e5 5. d3 Nc6 6. Nge2 d5 7. Bg5 dxe4 8. dxe4
Be6 9. Bg2 Bb4 10. a3 Qxd1+ 11. Rxd1 Bxc3+ 12. Nxc3 Nd4 13. Rd2 Rd8 14. f4 Rd7
15. fxe5 Nh7 16. Bf4 O-O 17. Nd5 Nc6 18. O-O Rfd8 19. h4 Kh8 20. Bf3 Na5 21.
Rdf2 c6 22. Ne3 g6 23. Be2 Rd4 24. b4 Nc4 25. Nxc4 Bxc4 26. Bxc4 Rxc4 27. Bh6
Rc3 28. Kg2 Re8 29. Rxf7 Rxc2+ 30. Kh3 g5 31. hxg5 Rg8 32. e6 h4 33. e7 hxg3 {
} 34. Bg7+ 1-0

[Event "16. Jacques Lemans Open"]
[Site "St. Veit"]
[Date "????.??.??"]
[Round "?"]
[White "Muellneritsch, Anton"]
[Black "Glueck, Michael"]
[Result "1/2-1/2"]
[WhiteElo "2285"]
[BlackElo "2105"]
[PlyCount "100"]
[EventDate "1996.07.??"]

1. e4 e5 2. Nf3 Nf6 3. Nc3 Bb4 4. Bc4 d6 5. d3 O-O 6. Bg5 Nc6 7. Nd2 Bxc3 8.
bxc3 h6 9. Bh4 Na5 10. Rb1 Be6 11. Bxe6 fxe6 12. O-O Qe8 13. d4 Qc6 14. Qe2 b6
15. Qd3 Nh5 16. Bg3 Nf4 17. Bxf4 exf4 18. d5 Qd7 19. Qh3 Rae8 20. Nf3 Qf7 21.
Rfd1 exd5 22. exd5 Qf5 23. Qxf5 Rxf5 24. Rd4 g5 25. Kf1 Nb7 26. Re1 Rxe1+ 27.
Nxe1 Nc5 28. Nd3 Nxd3 29. cxd3 Re5 30. h4 Kf7 31. hxg5 hxg5 32. Rc4 Re7 33. a4
a5 {} 34. f3 Kf6 35. Kf2 Kg6 36. Rc6 Kf5 37. Rc4 Kg6 38. g4 Kf6 39. d4 Kf7 40.
Rc6 Ke8 41. c4 Kd8 42. c5 dxc5 43. dxc5 Re5 44. cxb6 cxb6 45. Rxb6 Rxd5 46. Ra6
Kd7 47. Ke2 Kc7 48. Rg6 Kd7 49. Rb6 Kc7 50. Ra6 Kd7 1/2-1/2

[Event "16. Jacques Lemans Open"]
[Site "St. Veit"]
[Date "????.??.??"]
[Round "?"]
[White "Herndl, Gerald"]
[Black "Susnik, Matej"]
[Result "0-1"]
[WhiteElo "2084"]
[BlackElo "2235"]
[PlyCount "77"]
[EventDate "1996.07.??"]

1. e4 c5 2. Nf3 e6 3. d3 d5 4. Nbd2 Nc6 5. g3 Nf6 6. Bg2 Be7 7. O-O O-O 8. Re1
Qc7 9. Nf1 dxe4 10. dxe4 Rd8 11. Qe2 Nd4 12. Nxd4 cxd4 13. e5 Nd5 14. h4 Nb4
15. Be4 d3 16. Bxd3 Nxd3 17. cxd3 b6 18. Bf4 Ba6 19. Red1 Qd7 20. Qg4 Bxd3 21.
Bh6 g6 22. h5 Qd4 23. Qxd4 Rxd4 24. Rac1 Rd7 25. Rc3 Rad8 {} 26. hxg6 hxg6 27.
Nh2 g5 28. Ng4 Be2 29. Rxd7 Rxd7 30. f3 Kh7 31. Kg2 Rd3 32. Rxd3 Bxd3 33. Nf2
Bf5 34. g4 Bc2 35. Bxg5 Bxg5 36. Nh3 Bc1 37. b3 Bb1 38. a4 Bc2 39. f4 0-1

[Event "16. Jacques Lemans Open"]
[Site "St. Veit"]
[Date "????.??.??"]
[Round "?"]
[White "Raffalt, Manfred"]
[Black "Hafner, Robert"]
[Result "1-0"]
[WhiteElo "2215"]
[BlackElo "2088"]
[PlyCount "43"]
[EventDate "1996.07.??"]

1. d4 d5 2. c4 c6 3. cxd5 cxd5 4. Nc3 Nf6 5. g3 Nc6 6. Bg2 Bf5 7. Nf3 e6 8. O-O
Bd6 9. Nh4 Bg4 10. Bg5 h6 11. Be3 g5 12. Nf3 Qe7 13. Rc1 Kf8 14. Nb5 Bb8 15.
Ne5 Nxe5 16. dxe5 Nd7 17. f4 gxf4 18. Rxf4 Bf5 19. Nc7 Qd8 20. Nxa8 Bxe5 {}
21. Rxf5 exf5 22. Qxd5 1-0

[Event "16. Jacques Lemans Open"]
[Site "St. Veit"]
[Date "????.??.??"]
[Round "?"]
[White "Benda, Herbert"]
[Black "Erhart, Helmut"]
[Result "1-0"]
[WhiteElo "2200"]
[BlackElo "2095"]
[PlyCount "75"]
[EventDate "1996.07.??"]

1. e4 c5 2. Nf3 d6 3. d4 cxd4 4. Nxd4 Nf6 5. Nc3 g6 6. f3 Bg7 7. Be3 O-O 8. Qd2
Nc6 9. O-O-O d5 10. Qe1 e5 11. Nxc6 bxc6 12. exd5 cxd5 13. Bg5 Be6 14. Bc4 {}
14... Qc7 15. Bxf6 dxc4 16. Bxg7 Kxg7 17. Nd5 Bxd5 18. Rxd5 Rfe8 19. Qc3 Rad8
20. Rhd1 Rxd5 21. Rxd5 f6 22. b3 e4 23. Qxc4 Qxh2 24. Rd7+ Kh6 25. fxe4 Qf4+
26. Kb2 Rxe4 27. Qc7 Re5 28. Qxa7 Qf5 29. Rxh7+ Kg5 30. Qd4 Re4 31. Qd2+ Kg4
32. Qd1+ Kg5 33. Qd2+ Kg4 34. Qc3 Kg5 35. Rh3 Qe6 36. a4 f5 37. Rd3 f4 38. g3
1-0

[Event "16. Jacques Lemans Open"]
[Site "St. Veit"]
[Date "????.??.??"]
[Round "?"]
[White "Koller, Hubert"]
[Black "Kosmac, Blaz"]
[Result "0-1"]
[WhiteElo "2170"]
[BlackElo "2047"]
[PlyCount "92"]
[EventDate "1996.07.??"]

1. d4 Nf6 2. Nf3 g6 3. Bf4 Bg7 4. Nbd2 O-O 5. e4 d6 6. h3 Nbd7 7. Bc4 Qe8 8. e5
Nh5 9. Bh2 Bh8 10. O-O dxe5 11. dxe5 Nb6 12. Bb3 a5 13. c4 a4 14. Bc2 Be6 15.
Qe2 Ng7 16. b3 Qc8 17. Nd4 Rd8 18. N2f3 c5 19. Nb5 Nf5 20. Rfd1 axb3 21. axb3
Rxd1+ 22. Rxd1 Nd7 23. g4 Ng7 24. Bg3 Nb8 25. Ng5 Nc6 26. f4 h6 27. Ne4 b6 28.
Nec3 h5 29. Nd5 Ra2 30. Nxb6 Qb7 31. Na4 Nb4 32. Rd8+ Kh7 33. Rd2 Rxc2 34. Rxc2
Nxc2 35. Qxc2 Qf3 36. Qc3 Qd1+ 37. Be1 hxg4 38. Nxc5 gxh3 39. Nxe6 Qg4+ 40. Qg3
Qxe6 41. Nd4 Qd7 42. Nf3 Kg8 43. Ng5 Nh5 44. e6 {} 44... Qd4+ 45. Qf2 fxe6 46.
Bd2 h2+ 0-1

[Event "16. Jacques Lemans Open"]
[Site "St. Veit"]
[Date "????.??.??"]
[Round "?"]
[White "Winiwarter, Felix"]
[Black "Wilfling, Hermann"]
[Result "1-0"]
[WhiteElo "2165"]
[BlackElo "2066"]
[PlyCount "53"]
[EventDate "1996.07.??"]

1. e4 c5 2. Nf3 e6 3. d4 cxd4 4. Nxd4 a6 5. Bd3 Qc7 6. O-O Nf6 7. Qe2 d6 8. f4
Nbd7 9. Kh1 Nc5 10. Nc3 Nxd3 11. cxd3 Be7 12. f5 e5 13. Nc2 b5 14. a4 bxa4 15.
Rxa4 Bb7 16. Ne3 O-O 17. g4 h6 18. h4 d5 19. g5 dxe4 20. dxe4 hxg5 21. hxg5
Nxe4 22. Rxe4 Bxg5 23. Ned5 Bxd5 24. Nxd5 Qd8 25. Rxe5 {} 25... Bxc1 26. Ne7+
Kh7 27. Rxc1 1-0

[Event "16. Jacques Lemans Open"]
[Site "St. Veit"]
[Date "????.??.??"]
[Round "?"]
[White "Zvan, Ziga"]
[Black "Schneider-Zinner, Harald"]
[Result "0-1"]
[WhiteElo "1946"]
[BlackElo "2165"]
[PlyCount "94"]
[EventDate "1996.07.??"]

1. e4 e6 2. d4 d5 3. Nd2 c5 4. exd5 Qxd5 5. Ngf3 cxd4 6. Bc4 Qd8 7. O-O a6 8.
Nb3 Nc6 9. Nbxd4 Nxd4 10. Nxd4 Bd6 11. b3 Nf6 12. Bb2 Qc7 13. Nf3 b5 14. Bxf6
gxf6 15. Bd3 Bb7 16. Re1 Rd8 17. h3 Kf8 18. Qe2 f5 19. c4 b4 20. Rad1 Rg8 21.
Bb1 Bc5 22. Rxd8+ Qxd8 23. Kh1 Qc7 24. Rd1 a5 25. Ne1 Ba7 26. Qd2 Ke7 27. f4
Bb8 28. Nf3 Rg3 29. Ne5 Rxg2 {} 30. Qd7+ Kf6 31. Qd4 Ke7 32. Qd7+ Kf8 33. Qd8+
Kg7 34. Qxc7 Bxc7 35. Rg1 Rxg1+ 36. Kxg1 f6 37. Nd3 Be4 38. c5 Kf7 39. Kf2 Bxf4
40. Nxf4 Bxb1 41. c6 Ke7 42. c7 Kd7 43. c8=Q+ Kxc8 44. Nxe6 Bxa2 45. Nd4 a4 46.
Ke2 axb3 47. Kd2 b2 0-1

[Event "16. Jacques Lemans Open"]
[Site "St. Veit"]
[Date "????.??.??"]
[Round "?"]
[White "Starc, Christian"]
[Black "Grom, Waldemar"]
[Result "1-0"]
[WhiteElo "2165"]
[BlackElo "2045"]
[PlyCount "75"]
[EventDate "1996.07.??"]

1. e4 c5 2. Nf3 e6 3. Nc3 a6 4. a4 Nc6 5. Bc4 g6 6. O-O Bg7 7. d3 Nge7 8. Re1
d6 9. Bg5 O-O 10. Qd2 Nd4 11. Nxd4 cxd4 12. Ne2 Re8 13. Ng3 Qc7 14. h4 Bd7 15.
h5 Nc6 16. Qf4 Rf8 17. h6 Be5 18. Qh4 f6 19. Bd2 Bxg3 20. Qxg3 Ne5 21. Bb3 Kh8
22. Rac1 Qb6 23. f4 Nf7 24. f5 exf5 25. exf5 Bxf5 26. Rf1 Qc5 27. Qf3 Rab8 28.
Rce1 Ne5 29. Qg3 Bd7 30. Rf2 Rbe8 31. Ref1 Ng4 32. Rf4 Ne3 33. R1f2 f5 {} 34.
Rxd4 f4 35. Rdxf4 Nd1 36. d4 Qc8 37. Rxf8+ Rxf8 38. Qxd6 1-0

[Event "16. Jacques Lemans Open"]
[Site "St. Veit"]
[Date "????.??.??"]
[Round "?"]
[White "Giessmann, Andreas"]
[Black "Jeraj, Zlatko"]
[Result "1-0"]
[WhiteElo "2044"]
[BlackElo "2150"]
[PlyCount "49"]
[EventDate "1996.07.??"]

1. Nf3 d5 2. b3 Bf5 3. Bb2 Nf6 4. e3 Nbd7 5. Be2 e6 6. O-O Bd6 7. d4 O-O 8.
Nbd2 c6 9. Ne5 Qc7 10. f4 Ne4 11. c4 Nxd2 12. Qxd2 f6 13. Nxd7 Qxd7 14. Bf3
Rae8 15. Rac1 Re7 16. Rfe1 Rfe8 17. e4 dxe4 18. Bxe4 Bxe4 19. Rxe4 e5 20. c5
Bb8 21. fxe5 Bxe5 22. Kh1 Qd5 23. Qe2 {} 23... Qxe4 24. Qxe4 Bf4 25. Qxf4 1-0

[Event "16. Jacques Lemans Open"]
[Site "St. Veit"]
[Date "????.??.??"]
[Round "?"]
[White "Hebesberger, Thomas"]
[Black "Burger, Andreas"]
[Result "1-0"]
[WhiteElo "2145"]
[BlackElo "2012"]
[PlyCount "95"]
[EventDate "1996.07.??"]

1. d4 e6 2. Nf3 d5 3. Nbd2 f5 4. Ne5 Nf6 5. Ndf3 Bd6 6. Bg5 O-O 7. e3 Qe8 8. h4
Bd7 9. a3 Bb5 10. c4 dxc4 11. Bxf6 Rxf6 12. Nxc4 Bc6 13. Nxd6 cxd6 14. Bc4 d5
15. Bd3 Nd7 16. Qc2 Rc8 17. Rc1 Nb6 18. Qe2 Ba4 19. O-O Rf7 20. Rc5 Rxc5 21.
dxc5 Nd7 22. Rc1 a6 23. b3 Bc6 24. Qc2 g6 25. Nd4 Ne5 26. Be2 Rc7 27. a4 Bd7
28. Qc3 Nf7 29. Qa5 Qc8 30. b4 e5 31. Nb3 Nd8 {} 32. b5 axb5 33. axb5 Kf7 34.
Qb6 Be6 35. Na5 Qd7 36. c6 bxc6 37. bxc6 Qe7 38. h5 gxh5 39. Bxh5+ Kf8 40. g3
Bc8 41. Bf3 e4 42. Be2 Kf7 43. Qb2 Qf6 44. Qb6 Qe7 45. Nb3 Ne6 46. Nd4 Nxd4 47.
Qxd4 Ke6 48. Rd1 1-0

[Event "16. Jacques Lemans Open"]
[Site "St. Veit"]
[Date "????.??.??"]
[Round "?"]
[White "Widowitz, Manfred"]
[Black "Nickl, Klaus"]
[Result "0-1"]
[WhiteElo "1994"]
[BlackElo "2145"]
[PlyCount "76"]
[EventDate "1996.07.??"]

1. e4 e5 2. Nf3 Nc6 3. d4 exd4 4. Bc4 Nf6 5. O-O Nxe4 6. Re1 d5 7. Bxd5 Qxd5 8.
Nc3 Qh5 9. Nxe4 Be6 10. Bg5 Bd6 11. Nxd6+ cxd6 12. c3 O-O 13. cxd4 Bd5 14. Be3
Bxf3 15. Qxf3 Qxf3 16. gxf3 Nb4 17. Re2 Nd5 18. Bg5 Rfe8 19. Rae1 {} 19... Kf8
20. Kf1 Rxe2 21. Rxe2 Re8 22. Rxe8+ Kxe8 23. Ke2 Kd7 24. Kd3 Ke6 25. a3 b5 26.
Kc2 f6 27. Bd2 Ne7 28. Kd3 Kd5 29. Bc1 Nf5 30. Be3 h5 31. b3 a6 32. Kc3 Ne7 33.
h4 a5 34. Kd3 Nf5 35. Bd2 a4 36. bxa4 bxa4 37. Be3 Nxh4 38. Kc3 Ng2 0-1

[Event "16. Jacques Lemans Open"]
[Site "St. Veit"]
[Date "????.??.??"]
[Round "?"]
[White "Neulinger, Manfred"]
[Black "Mazi, Leon"]
[Result "0-1"]
[WhiteElo "2330"]
[BlackElo "2355"]
[PlyCount "102"]
[EventDate "1996.07.??"]

1. e4 e6 2. d4 d5 3. Nc3 Bb4 4. e5 b6 5. Qg4 Bf8 6. Bg5 Qd7 7. f4 Ba6 8. Bxa6
Nxa6 9. Qe2 Nb4 10. a3 Nc6 11. Nf3 Nge7 12. Bxe7 Bxe7 13. Nd1 Na5 14. Ne3 c5
15. c3 c4 16. O-O O-O-O 17. g4 h5 18. h3 hxg4 19. hxg4 Rh3 20. Kg2 Rdh8 21. Rh1
Rxh1 22. Rxh1 Qe8 23. Qf1 Qg8 24. Kg3 Kd7 25. Rh3 Nb3 26. Rxh8 Qxh8 27. Nxc4 {
} 27... dxc4 28. Qxc4 Na5 29. Qb5+ Kc7 30. d5 exd5 31. Qxd5 Qe8 32. Nd4 a6 33.
b4 Nc6 34. Nxc6 Qxc6 35. Qxf7 Qxc3+ 36. Kg2 Qd2+ 37. Kg3 Qd3+ 38. Kg2 Kd7 39.
Qxg7 Qe4+ 40. Kg3 Qe3+ 41. Kg2 Qxf4 42. Qg6 Kc7 43. Qg7 Qg5 44. Qxg5 Bxg5 45.
Kf3 Kd7 46. Ke4 Ke6 47. Kd4 Bf4 48. a4 Bxe5+ 49. Kc4 Kd6 50. g5 Bh8 51. g6 Ba1
0-1

[Event "16. Jacques Lemans Open"]
[Site "St. Veit"]
[Date "????.??.??"]
[Round "?"]
[White "Lau, Ralf"]
[Black "Posch, Werner"]
[Result "1/2-1/2"]
[WhiteElo "2500"]
[BlackElo "2210"]
[PlyCount "74"]
[EventDate "1996.07.??"]

1. e4 Nf6 2. e5 Nd5 3. d4 d6 4. Nf3 g6 5. Bc4 Nb6 6. Bb3 Bg7 7. a4 dxe5 8. a5
N6d7 {} 9. Bxf7+ Kxf7 10. Ng5+ Kg8 11. Ne6 Qe8 12. Nxc7 Qf7 13. Nxa8 exd4 14.
O-O Na6 15. c3 h6 16. cxd4 Kh7 17. Na3 Nf6 18. b4 Nxb4 19. Nc7 a6 20. Qa4 Nc6
21. Bb2 Ne4 22. Rad1 Bf5 23. Qc4 Qf6 24. f3 Nd6 25. Qc5 Rc8 26. Nd5 Qf7 27. Nb6
Rd8 28. Ba1 Qb3 29. d5 Ne5 30. Rfe1 Nd3 31. Rxd3 Bxd3 32. Bxg7 Kxg7 33. Rxe7+
Nf7 34. h4 Qb2 35. Qc7 Qd4+ 36. Kh2 Qxh4+ 37. Kg1 Qd4+ 1/2-1/2

[Event "16. Jacques Lemans Open"]
[Site "St. Veit"]
[Date "????.??.??"]
[Round "?"]
[White "Piven, Igor"]
[Black "Praznik, Niko"]
[Result "0-1"]
[WhiteElo "2345"]
[BlackElo "2145"]
[PlyCount "78"]
[EventDate "1996.07.??"]

1. d4 Nf6 2. c4 g6 3. Nc3 Bg7 4. e4 d6 5. Be2 O-O 6. Nf3 Bg4 7. Be3 Nfd7 8. h3
Bxf3 9. Bxf3 e5 10. d5 f5 11. h4 Bf6 12. h5 Rf7 13. hxg6 hxg6 14. Qe2 Bg5 15.
exf5 gxf5 16. O-O-O e4 17. Bxe4 fxe4 18. Nxe4 Bf6 19. Qg4+ Bg7 20. Ng5 Qf6 21.
Bd4 Ne5 22. Bxe5 Qxe5 23. Rd2 Qf5 24. Qh5 Nd7 25. g4 Qf6 26. Qh7+ Kf8 27. Ne6+
Ke7 28. g5 Qe5 29. f4 Qf5 30. Nxg7 Qxf4 31. Qg6 Qxc4+ 32. Kb1 Raf8 33. Re1+ Ne5
{} 34. Rxe5+ dxe5 35. d6+ Kd7 36. dxc7+ Kc8 37. Rd8+ Rxd8 38. cxd8=Q+ Kxd8 39.
Ne6+ Ke7 0-1

[Event "16. Jacques Lemans Open"]
[Site "St. Veit"]
[Date "????.??.??"]
[Round "?"]
[White "Nickl, Klaus"]
[Black "Markun, Bostjan"]
[Result "1/2-1/2"]
[WhiteElo "2145"]
[BlackElo "2265"]
[PlyCount "96"]
[EventDate "1996.07.??"]

1. d4 Nf6 2. Nf3 g6 3. Bg5 Bg7 4. Nbd2 d5 5. e3 O-O 6. Bd3 c5 7. c3 Nbd7 8. O-O
Re8 9. Bc2 Qb6 10. Rb1 e5 11. dxe5 Nxe5 12. Nxe5 Rxe5 13. Nf3 Bg4 14. Bf4 Ree8
15. h3 Be6 16. Be5 Rad8 17. b4 Ne4 18. bxc5 Qxc5 19. Bxg7 Kxg7 20. Rxb7 Bc8 21.
Rb3 Ba6 22. Re1 Bc4 23. Rb7 Rb8 24. Rxb8 Rxb8 25. a4 Rb2 26. Qd4+ Qxd4 27. Nxd4
Nxc3 28. Ra1 a5 29. g4 Ne2+ 30. Nxe2 Bxe2 {} 31. Bd1 Bc4 32. Kg2 Kf6 33. Kg3
Ke5 34. f4+ Kd6 35. Rc1 Kc5 36. g5 Kb4 37. h4 Bb3 38. Bxb3 Rxb3 39. Kf2 Rc3 40.
Ra1 Rc2+ 41. Kf3 Rc3 42. Ke2 Ra3 43. Rb1+ Rb3 44. Ra1 Kc4 45. Rc1+ Rc3 46. Rb1
Rb3 47. Rc1+ Rc3 48. Rb1 Rb3 1/2-1/2

[Event "16. Jacques Lemans Open"]
[Site "St. Veit"]
[Date "????.??.??"]
[Round "?"]
[White "Susnik, Matej"]
[Black "Starc, Christian"]
[Result "1/2-1/2"]
[WhiteElo "2235"]
[BlackElo "2165"]
[PlyCount "147"]
[EventDate "1996.07.??"]

1. e4 c5 2. Nf3 d6 3. d4 cxd4 4. Nxd4 Nf6 5. Nc3 Nc6 6. Bc4 e6 7. Bb3 Be7 8.
O-O O-O 9. Kh1 a6 10. f4 Bd7 11. f5 Nxd4 12. Qxd4 e5 13. Qd3 b5 14. Bg5 Bc6 15.
Bxf6 Bxf6 16. Bd5 Rc8 17. Bxc6 Rxc6 18. Nd5 Kh8 19. c3 Bg5 20. Rad1 Rc5 21. Qe2
Qb8 22. Rd3 f6 23. Rfd1 Qb7 24. Rh3 a5 25. Qh5 h6 26. Rhd3 Qf7 27. Qxf7 Rxf7
28. Nb6 Kh7 29. Rxd6 b4 30. c4 a4 31. b3 {} 31... axb3 32. axb3 Ra5 33. Na4
Be3 34. Rd7 Ra7 35. Rxf7 Rxf7 36. Rd6 Ra7 37. g3 h5 38. Kg2 Kh6 39. Kf3 Bg1 40.
h3 Kg5 41. h4+ Kh6 42. g4 hxg4+ 43. Kxg4 Rc7 44. Rd8 Kh7 45. h5 Bd4 46. Rd5 Rc8
47. Rd7 Kh6 48. Kf3 Ra8 49. Ke2 Kxh5 50. Kd3 Kg4 51. c5 Rc8 52. Kc4 Kf4 53. Kd5
Ke3 54. c6 Kd3 55. c7 Ba7 56. Kc6+ Kxe4 57. Kb7 Rxc7+ 58. Rxc7 Bd4 59. Rxg7
Kxf5 60. Kc6 e4 61. Kd5 Bf2 62. Re7 e3 63. Nb2 Kf4 64. Re4+ Kf3 65. Rxb4 f5 66.
Nd3 Bg3 67. Rb7 f4 68. Rf7 e2 69. Kc4 Ke3 70. Re7+ Kd2 71. Rf7 Ke3 72. Re7+ Kd2
73. Rf7 Ke3 74. Re7+ 1/2-1/2

[Event "16. Jacques Lemans Open"]
[Site "St. Veit"]
[Date "????.??.??"]
[Round "?"]
[White "Enzendorfer, Alfred"]
[Black "Raffalt, Manfred"]
[Result "0-1"]
[WhiteElo "2094"]
[BlackElo "2215"]
[PlyCount "78"]
[EventDate "1996.07.??"]

1. d4 c5 2. Nf3 cxd4 3. Nxd4 d5 4. c4 e5 5. Nf3 d4 6. e3 Nc6 7. exd4 exd4 8.
Bd3 Qa5+ 9. Nbd2 Nf6 10. O-O Bd6 11. Qe2+ Be6 12. Ne4 Nxe4 13. Qxe4 Qh5 14. Bf4
Bxf4 15. Qxf4 O-O 16. Nxd4 Rad8 17. Nxe6 fxe6 18. Qe3 Nd4 19. f3 Rd6 20. b3 Kh8
21. Be4 e5 22. Rae1 b6 23. Bb1 Re6 24. Qf2 Rh6 25. Qg3 Rf4 26. Re3 Re6 27. Rfe1
g6 28. Re4 Rxe4 29. Bxe4 Kg7 30. h3 Re7 31. b4 Qh6 32. Bd5 Qd2 {} 33. Kh2 Nf5
34. Rxe5 Nxg3 35. Rxe7+ Kh6 36. Bg8 Ne2 37. Rxh7+ Kg5 38. h4+ Kf4 39. Rf7+ Ke3
0-1

[Event "16. Jacques Lemans Open"]
[Site "St. Veit"]
[Date "????.??.??"]
[Round "?"]
[White "Kosmac, Blaz"]
[Black "Benda, Herbert"]
[Result "0-1"]
[WhiteElo "2047"]
[BlackElo "2200"]
[PlyCount "46"]
[EventDate "1996.07.??"]

1. e4 g6 2. d4 Bg7 3. Nc3 c6 4. Bc4 d6 5. Qf3 e6 6. Nge2 Qe7 7. h4 h6 8. Be3
Nd7 9. O-O-O e5 10. Bb3 Ngf6 11. dxe5 Nxe5 12. Qg3 Nh5 13. Qh2 O-O 14. f3 Nf6
15. Rhf1 b5 16. g4 Nfd7 17. Nd4 b4 18. Nce2 Nb6 19. Bf4 c5 20. Bxe5 dxe5 21.
Nc6 Qc7 22. Bd5 Bb7 23. Na5 {} 23... Nxd5 0-1

[Event "16. Jacques Lemans Open"]
[Site "St. Veit"]
[Date "????.??.??"]
[Round "?"]
[White "Kurasch, Josef"]
[Black "Juergens, Klaus"]
[Result "1/2-1/2"]
[WhiteElo "2114"]
[BlackElo "2185"]
[PlyCount "130"]
[EventDate "1996.07.??"]

1. c4 g6 2. g3 Bg7 3. Bg2 d6 4. Nc3 Nf6 5. Nf3 O-O 6. O-O e5 7. d3 Nc6 8. Rb1
h6 9. b4 Be6 10. a4 Qd7 11. Re1 e4 12. dxe4 Bxc4 13. b5 Ne5 14. Nxe5 dxe5 15.
Qxd7 Nxd7 16. Nd5 c6 17. Ne7+ Kh7 18. bxc6 bxc6 19. Nxc6 Be6 20. Be3 Rfc8 21.
Nxa7 Rc4 22. a5 Nc5 23. Rec1 Rxa7 24. Rxc4 Bxc4 25. Rc1 Rxa5 26. Rxc4 Ra1+ 27.
Rc1 Rxc1+ 28. Bxc1 Bf8 29. Bb2 f6 30. Kf1 Na4 31. Ba1 Bb4 32. e3 Bc3 33. Bxc3
Nxc3 34. Ke1 Kg7 35. Kd2 Nb5 36. f4 Nd6 37. Kd3 Kf7 38. Bf3 Ke7 39. Bd1 Nb7 40.
Bc2 Kd6 41. Ke2 Nc5 42. Kf3 Ke7 43. Kg4 Kf8 44. h4 Nb7 45. Kf3 Ke7 46. Bb3 Nd6
47. g4 Nf7 48. Ke2 Nd6 49. Bd5 Nc8 50. g5 hxg5 51. hxg5 fxg5 52. fxe5 Nb6 53.
Kf3 Nd7 54. Kg4 Nxe5+ 55. Kxg5 Kd6 56. Ba2 Nf3+ 57. Kf4 Ne5 58. Bg8 Nd7 59. Bc4
Ne5 60. Be2 Nd7 61. Bb5 Ne5 62. Be8 Ke6 63. Kg5 {} 63... Nc4 64. Kf4 g5+ 65.
Kxg5 Ke5 1/2-1/2